00549nam a22001697a 450000500170000001000150001702000260003203500140005803700130007208200170008510000300010224501060013226000300023827000680026830000210033650000220035720180606162027.0 aENG-123160 a9789386552051c280.00 aEN-106692 bDBAD/PUB a307.14120954 aChattopadhyaya,Brajadulal aAspets of rural settlements and rural society in early medieval india /cby Brajadulal Chattopadhyaya aDelhibPrimus Booksc2017 aVirat Bhavan,Mukherjee Nagar,Commercial Complex,bDelhie110009 a111p.c22cm(pbk) aIt includes index